00932 am a2200241 a 450000500170000000800410001702000150005804100080007310000220008124500500010325000180015326000540017130000110022550001190023665300280035565300540038365300710043765300340050865300270054265300390056965300510060870000310065920240627100635.0100309s1995||||cl a f |||| 001 0 spa d a9562200662 aspa1 aAtías, Antonio. aParasitología clínica /cAntonio Atías. a3a ed. reimp. aSantiago de Chile [Chile]: bMediterraneo;c1995. a618 p. aAtías, A. y Neghme, A. (1995). Parasitología clínica. (3a ed.). Santiago de Chile (Chile) : Mediterráneo.  aParasitología general aParasitología descriptiva (1) enteroparasitosis aParasitología descriptiva (2) histoparasitosis y hemoparasitosis aParasitología topográfica aEnfermedad parasitaria aArtrópodos de interés médico aDiagnóstico y tratamiento en parasitología1 aNeghme, Amadord1912-1987.